000
00339 a2200157 4500
001
56859
020
_a
8530502957
040
_c
Anchieta - Pituba
100
_a
Garcia, Edson Gabriel
240
1
0
_a
Bem dentro de mim
_l
por
245
1
0
_a
Bem dentro de mim
300
_a
48
362
0
_a
2003
650
4
_a
Literatura juvenil
942
_c
BK
999
_c
56859
_d
56859